00681cam a2200181u 450000100100000000500170001000800410002704000250006808200150009310000280010824500570013626000470019330000240024065000430026470000510030795201260035899900150048400000113420200929145502.0810316s1934 sp a 000 0 spa  aDO-SdBNPbspacBNPHU ann.bW426a1 aWeisbach, Werner.9387910aArte barroco en Italia, Francia, Alemania y Espana,. aBarcelona [etc.] :bLabor, s. a.,c[1934]. av. :bil. ;c28 cm. 0aArt, baroque. [from old catalog]938801 aIglesias, Ramon, [from old catalog]etr.93881 001052758DSaBNPHUbBNPHUcHDd2009-09-04iLF1l0onn. W426ap1134-10r2020-06-25w2020-06-25yLF1ZPréstamo interno c1088d1088